000 00568nam a2200241Ia 4500
003 OSt
005 20220924150413.0
006 a|||||r|||| 00| 0
007 ta
008 220923b |||||||| |||| 00| 0 tel d
020 _c25
024 _a332988
037 _cTextual
040 _aARTS
_cARTS
_btel
041 _2tel
_atel
082 _aO35,1M952:g, N7
100 _aJashuva
245 0 _aKhanda kavyamu
260 _c1997
650 _aTELUGU POETRY
942 _hO35,1M952:g, N7
_cTEXL
_2CC
999 _c463190
_d463190